Sex safari /

Guardat en:
Dades bibliogràfiques
Autor principal: Gilbert, Peter (Autor)
Format: Llibre
Idioma:anglès
Publicat: London : Prowler, c2001
Etiquetes: Afegir etiqueta
Sense etiquetes, Sigues el primer a etiquetar aquest registre!

MARC

LEADER 00000nam a22000007i 4500
001 IT\ICCU\UBO\2260912
003 ItRI
005 20260115231838.0
008 030730s2001 xxk|||||| ||||| |||||c
020 |a 1902644425 
040 |b ita  |c importazione bologna sebina 
041 7 |a eng  |2 ISO-639-2 
100 1 |a Gilbert, Peter  |0 IT\ICCU\UBOV\817820  |4 aut 
245 1 0 |a Sex safari /  |c Peter Gilbert. 
260 |a London :  |b Prowler,  |c c2001 
300 |a 301 p. ;  |c 20 cm. 
942 |2 ddc  |c BK  |n 0 
952 |0 0  |1 0  |4 0  |6 DOC_823_914000000000000_GIL  |7 0  |9 14083  |a BO  |b BO  |d 2026-01-15  |i 7633  |l 0  |o DOC 823.914 GIL  |p BO7633  |r 2026-01-15 23:18:38  |w 2026-01-15  |x [Sebina 5] [1 v.]  |y BK  |z 1 v. 
999 |c 12140  |d 12140